| 000 | 00542nam a22001817a 4500 | ||
|---|---|---|---|
| 003 | OSt | ||
| 005 | 20180116183044.0 | ||
| 008 | 160425b xxu||||| |||| 00| 0 eng d | ||
| 020 | _a9781861242228 | ||
| 040 | _c0 | ||
| 082 | _a658.72 CIP 2012 | ||
| 100 | _aCIPS | ||
| 245 |
_aProcurement and Supply Environments AC1 _bAdvanced Certificate in Procurement and Supply Operations _cCIPS |
||
| 260 |
_aLincolnshire _bProfex Publishing Limited _c2012 |
||
| 300 |
_a166 p. _bPB |
||
| 440 | _aProcurement and Supply Environments | ||
| 942 |
_2ddc _cBK |
||
| 999 |
_c351369 _d351369 |
||